Gottfried Wilhelm Leibniz. Filósofo y político al servicio de la cultura universal

Uloženo v:
Podrobná bibliografie
Hlavní autor: Vennebusch, Joachim
Médium: Kniha
Jazyk:Undetermined
Vydáno: Alemania Inter Nationes 1966
Témata:
Tagy: Přidat tag
Žádné tagy, Buďte první, kdo vytvoří štítek k tomuto záznamu!

MARC

LEADER 00000nam a2200000Ia 4500
008 170316s9999 xx 000 0 und d
090 |a 100 V-6.1g 
100 |a Vennebusch, Joachim 
245 |a Gottfried Wilhelm Leibniz. Filósofo y político al servicio de la cultura universal 
260 |a Alemania 
260 |b Inter Nationes 
260 |c 1966 
300 |a 55 páginas 
650 |a FILOSOFÍA 
999 |c 17892  |d 17892 
040 |a cru BVZT 
942 |c 15 D  |h 100 V-6.1g  |2 z